<?xml version="1.0" encoding="UTF-8"?>
<record
    xmlns:xsi="http://www.w3.org/2001/XMLSchema-instance"
    xsi:schemaLocation="http://www.loc.gov/MARC21/slim http://www.loc.gov/standards/marcxml/schema/MARC21slim.xsd"
    xmlns="http://www.loc.gov/MARC21/slim">

  <leader>01512nam a2200409 a 4500</leader>
  <controlfield tag="008">110830s2010    mx a   f |||| 001 0 spa d</controlfield>
  <datafield tag="020" ind1=" " ind2=" ">
    <subfield code="a">9786071503497</subfield>
  </datafield>
  <datafield tag="041" ind1=" " ind2=" ">
    <subfield code="a">spa</subfield>
  </datafield>
  <datafield tag="092" ind1=" " ind2=" ">
    <subfield code="c">612</subfield>
    <subfield code="l">24</subfield>
    <subfield code="s">FER</subfield>
  </datafield>
  <datafield tag="100" ind1="1" ind2=" ">
    <subfield code="a">Fern&#xE1;ndez Tresguerres, Jes&#xFA;s A.</subfield>
    <subfield code="9">1230</subfield>
  </datafield>
  <datafield tag="245" ind1=" " ind2=" ">
    <subfield code="a">Fisiolog&#xED;a Humana /</subfield>
    <subfield code="c">Jes&#xFA;s A. Fern&#xE1;ndez Tresguerres</subfield>
  </datafield>
  <datafield tag="250" ind1=" " ind2=" ">
    <subfield code="a">4a ed.</subfield>
  </datafield>
  <datafield tag="260" ind1=" " ind2=" ">
    <subfield code="a">M&#xE9;xico:</subfield>
    <subfield code="b">McGraw-Hill;</subfield>
    <subfield code="c">2010.</subfield>
  </datafield>
  <datafield tag="300" ind1=" " ind2=" ">
    <subfield code="a">1228 p.</subfield>
    <subfield code="b">il.</subfield>
  </datafield>
  <datafield tag="500" ind1=" " ind2=" ">
    <subfield code="a">Fern&#xE1;ndez Tresguerres, J. A. et al.  (2010). Fisiolog&#xED;a Humana. (4a ed.). M&#xE9;xico : McGraw-Hill.</subfield>
  </datafield>
  <datafield tag="590" ind1=" " ind2=" ">
    <subfield code="a">Compra FACIMED, Agosto 2011</subfield>
  </datafield>
  <datafield tag="653" ind1=" " ind2=" ">
    <subfield code="a">Fisiolog&#xED;a general y celular</subfield>
  </datafield>
  <datafield tag="653" ind1=" " ind2=" ">
    <subfield code="a">Neurofisiolog&#xED;a I</subfield>
  </datafield>
  <datafield tag="653" ind1=" " ind2=" ">
    <subfield code="a">Neurofisiolog&#xED;a II</subfield>
  </datafield>
  <datafield tag="653" ind1=" " ind2=" ">
    <subfield code="a">Fisiolog&#xED;a de la sangre</subfield>
  </datafield>
  <datafield tag="653" ind1=" " ind2=" ">
    <subfield code="a">Fisiolog&#xED;a renal</subfield>
  </datafield>
  <datafield tag="653" ind1=" " ind2=" ">
    <subfield code="a">Fisiolog&#xED;a del sistema cardiovascular</subfield>
  </datafield>
  <datafield tag="653" ind1=" " ind2=" ">
    <subfield code="a">Fisiologia del sistema respiratoria</subfield>
  </datafield>
  <datafield tag="653" ind1=" " ind2=" ">
    <subfield code="a">Fisiolog&#xED;a del aparato digestivo</subfield>
  </datafield>
  <datafield tag="653" ind1=" " ind2=" ">
    <subfield code="a">Fisiolog&#xED;a del sistema endocrino</subfield>
  </datafield>
  <datafield tag="653" ind1=" " ind2=" ">
    <subfield code="a">Integraci&#xF3;n y adaptaci&#xF3;n del organismo</subfield>
  </datafield>
  <datafield tag="700" ind1="1" ind2=" ">
    <subfield code="a">Ariznavarreta Ruiz, Carmen</subfield>
    <subfield code="e">Coord.</subfield>
    <subfield code="9">3818</subfield>
  </datafield>
  <datafield tag="700" ind1="1" ind2=" ">
    <subfield code="a">Cachofeiro, Victoria</subfield>
    <subfield code="e">Coord.</subfield>
    <subfield code="9">3819</subfield>
  </datafield>
  <datafield tag="700" ind1="1" ind2=" ">
    <subfield code="a">Cardinali, Daniel P.</subfield>
    <subfield code="9">254</subfield>
  </datafield>
  <datafield tag="700" ind1="1" ind2=" ">
    <subfield code="a">Escrich Escriche, Eduard</subfield>
    <subfield code="e">Coord.</subfield>
    <subfield code="9">3820</subfield>
  </datafield>
  <datafield tag="700" ind1="1" ind2=" ">
    <subfield code="a">Gil-Loyzaga, Pablo E.</subfield>
    <subfield code="e">Coord.</subfield>
    <subfield code="9">3821</subfield>
  </datafield>
  <datafield tag="700" ind1="1" ind2=" ">
    <subfield code="a">Lahera Juli&#xE1;, Vicente</subfield>
    <subfield code="e">Coord.</subfield>
    <subfield code="9">3822</subfield>
  </datafield>
  <datafield tag="700" ind1="1" ind2=" ">
    <subfield code="a">Mora Teruel, Francisco</subfield>
    <subfield code="e">Coord.</subfield>
    <subfield code="9">3823</subfield>
  </datafield>
  <datafield tag="700" ind1="1" ind2=" ">
    <subfield code="a">Romano Pardo, Marta</subfield>
    <subfield code="e">Coord.</subfield>
    <subfield code="9">3824</subfield>
  </datafield>
  <datafield tag="700" ind1="1" ind2=" ">
    <subfield code="a">Tamargo Men&#xE9;ndez, J.</subfield>
    <subfield code="e">Coord.</subfield>
    <subfield code="9">3825</subfield>
  </datafield>
  <datafield tag="942" ind1=" " ind2=" ">
    <subfield code="2">ddc</subfield>
    <subfield code="c">BK</subfield>
  </datafield>
  <datafield tag="999" ind1=" " ind2=" ">
    <subfield code="c">907</subfield>
    <subfield code="d">907</subfield>
  </datafield>
  <datafield tag="952" ind1=" " ind2=" ">
    <subfield code="0">0</subfield>
    <subfield code="1">0</subfield>
    <subfield code="2">ddc</subfield>
    <subfield code="4">0</subfield>
    <subfield code="7">0</subfield>
    <subfield code="8">REF</subfield>
    <subfield code="a">BFM</subfield>
    <subfield code="b">BFM</subfield>
    <subfield code="c">REF</subfield>
    <subfield code="d">2011-08-30</subfield>
    <subfield code="l">2</subfield>
    <subfield code="m">11</subfield>
    <subfield code="o">612 24 FER</subfield>
    <subfield code="p">2434</subfield>
    <subfield code="q">2029-03-01</subfield>
    <subfield code="r">2014-11-06</subfield>
    <subfield code="s">2011-11-30</subfield>
    <subfield code="t">ej.3</subfield>
    <subfield code="w">2011-08-30</subfield>
    <subfield code="y">REF</subfield>
    <subfield code="z">LIBRO DE CATEDRA</subfield>
  </datafield>
  <datafield tag="952" ind1=" " ind2=" ">
    <subfield code="0">0</subfield>
    <subfield code="1">0</subfield>
    <subfield code="2">ddc</subfield>
    <subfield code="4">0</subfield>
    <subfield code="7">0</subfield>
    <subfield code="a">BFM</subfield>
    <subfield code="b">BFM</subfield>
    <subfield code="c">CR</subfield>
    <subfield code="d">2011-08-30</subfield>
    <subfield code="l">231</subfield>
    <subfield code="m">14</subfield>
    <subfield code="o">612 24 FER</subfield>
    <subfield code="p">2435</subfield>
    <subfield code="r">2026-03-11</subfield>
    <subfield code="s">2025-12-05</subfield>
    <subfield code="t">ej.4</subfield>
    <subfield code="w">2011-08-30</subfield>
    <subfield code="y">BK</subfield>
    <subfield code="z">Sede Tordos.</subfield>
    <subfield code="f"></subfield>
  </datafield>
  <datafield tag="952" ind1=" " ind2=" ">
    <subfield code="0">0</subfield>
    <subfield code="1">0</subfield>
    <subfield code="2">ddc</subfield>
    <subfield code="4">0</subfield>
    <subfield code="7">0</subfield>
    <subfield code="a">BFM</subfield>
    <subfield code="b">BFM</subfield>
    <subfield code="c">CR</subfield>
    <subfield code="d">2011-08-30</subfield>
    <subfield code="l">188</subfield>
    <subfield code="m">18</subfield>
    <subfield code="o">612 24 FER</subfield>
    <subfield code="p">2436</subfield>
    <subfield code="r">2025-10-21</subfield>
    <subfield code="s">2025-10-14</subfield>
    <subfield code="t">ej.5</subfield>
    <subfield code="w">2011-08-30</subfield>
    <subfield code="y">BK</subfield>
    <subfield code="z">Sede Tordos.</subfield>
    <subfield code="f"></subfield>
  </datafield>
  <datafield tag="952" ind1=" " ind2=" ">
    <subfield code="0">0</subfield>
    <subfield code="1">0</subfield>
    <subfield code="2">ddc</subfield>
    <subfield code="4">0</subfield>
    <subfield code="7">0</subfield>
    <subfield code="a">BFM</subfield>
    <subfield code="b">BFM</subfield>
    <subfield code="c">CR</subfield>
    <subfield code="d">2011-08-30</subfield>
    <subfield code="l">223</subfield>
    <subfield code="m">21</subfield>
    <subfield code="o">612 24 FER</subfield>
    <subfield code="p">2437</subfield>
    <subfield code="r">2025-10-31</subfield>
    <subfield code="s">2025-10-23</subfield>
    <subfield code="t">ej.6</subfield>
    <subfield code="w">2011-08-30</subfield>
    <subfield code="y">BK</subfield>
    <subfield code="z">Sede Tordos.</subfield>
    <subfield code="f"></subfield>
  </datafield>
  <datafield tag="952" ind1=" " ind2=" ">
    <subfield code="0">0</subfield>
    <subfield code="1">0</subfield>
    <subfield code="2">ddc</subfield>
    <subfield code="4">0</subfield>
    <subfield code="7">0</subfield>
    <subfield code="a">BFM</subfield>
    <subfield code="b">BFM</subfield>
    <subfield code="c">CR</subfield>
    <subfield code="d">2011-08-30</subfield>
    <subfield code="l">228</subfield>
    <subfield code="m">20</subfield>
    <subfield code="o">612 24 FER</subfield>
    <subfield code="p">2438</subfield>
    <subfield code="r">2026-03-11</subfield>
    <subfield code="s">2026-03-05</subfield>
    <subfield code="t">ej.7</subfield>
    <subfield code="w">2011-08-30</subfield>
    <subfield code="y">BK</subfield>
    <subfield code="f"></subfield>
  </datafield>
  <datafield tag="952" ind1=" " ind2=" ">
    <subfield code="0">0</subfield>
    <subfield code="1">0</subfield>
    <subfield code="2">ddc</subfield>
    <subfield code="4">0</subfield>
    <subfield code="7">0</subfield>
    <subfield code="a">BFM</subfield>
    <subfield code="b">BFM</subfield>
    <subfield code="c">CR</subfield>
    <subfield code="d">2011-08-30</subfield>
    <subfield code="l">200</subfield>
    <subfield code="m">16</subfield>
    <subfield code="o">612 24 FER</subfield>
    <subfield code="p">2439</subfield>
    <subfield code="r">2025-02-20</subfield>
    <subfield code="s">2024-12-16</subfield>
    <subfield code="t">ej.8</subfield>
    <subfield code="w">2011-08-30</subfield>
    <subfield code="y">BK</subfield>
    <subfield code="f"></subfield>
  </datafield>
  <datafield tag="952" ind1=" " ind2=" ">
    <subfield code="0">0</subfield>
    <subfield code="1">0</subfield>
    <subfield code="2">ddc</subfield>
    <subfield code="4">0</subfield>
    <subfield code="7">0</subfield>
    <subfield code="8">NFIC</subfield>
    <subfield code="a">BFM</subfield>
    <subfield code="b">BFM</subfield>
    <subfield code="c">CR</subfield>
    <subfield code="d">2012-10-16</subfield>
    <subfield code="g">674.90</subfield>
    <subfield code="l">145</subfield>
    <subfield code="m">8</subfield>
    <subfield code="o">612 24 FER</subfield>
    <subfield code="p">2672</subfield>
    <subfield code="r">2024-09-27</subfield>
    <subfield code="s">2024-09-20</subfield>
    <subfield code="t">Ej. 9</subfield>
    <subfield code="w">2012-10-16</subfield>
    <subfield code="y">BK</subfield>
    <subfield code="z">Proyecto PROMED.</subfield>
    <subfield code="f"></subfield>
  </datafield>
  <datafield tag="952" ind1=" " ind2=" ">
    <subfield code="0">0</subfield>
    <subfield code="1">4</subfield>
    <subfield code="2">ddc</subfield>
    <subfield code="4">0</subfield>
    <subfield code="5">1</subfield>
    <subfield code="7">1</subfield>
    <subfield code="8">NFIC</subfield>
    <subfield code="a">BFM</subfield>
    <subfield code="b">BFM</subfield>
    <subfield code="c">CR</subfield>
    <subfield code="d">2012-10-16</subfield>
    <subfield code="g">674.90</subfield>
    <subfield code="l">166</subfield>
    <subfield code="m">20</subfield>
    <subfield code="o">612 24 FER</subfield>
    <subfield code="p">2673</subfield>
    <subfield code="r">2024-04-29</subfield>
    <subfield code="s">2024-04-11</subfield>
    <subfield code="t">Ej. 10</subfield>
    <subfield code="w">2012-10-16</subfield>
    <subfield code="y">BK</subfield>
    <subfield code="z">Baja Abril 2024. Libro robado a Gonzalo Ulloa. Proyecto PROMED</subfield>
    <subfield code="f"></subfield>
  </datafield>
  <datafield tag="952" ind1=" " ind2=" ">
    <subfield code="0">0</subfield>
    <subfield code="1">0</subfield>
    <subfield code="2">ddc</subfield>
    <subfield code="4">0</subfield>
    <subfield code="7">0</subfield>
    <subfield code="8">NFIC</subfield>
    <subfield code="a">BFM</subfield>
    <subfield code="b">BFM</subfield>
    <subfield code="c">CR</subfield>
    <subfield code="d">2012-10-16</subfield>
    <subfield code="g">674.90</subfield>
    <subfield code="l">132</subfield>
    <subfield code="m">14</subfield>
    <subfield code="o">612 24 FER</subfield>
    <subfield code="p">2674</subfield>
    <subfield code="r">2025-02-25</subfield>
    <subfield code="s">2025-02-18</subfield>
    <subfield code="t">Ej. 11</subfield>
    <subfield code="w">2012-10-16</subfield>
    <subfield code="y">BK</subfield>
    <subfield code="z">Proyecto PROMED. </subfield>
    <subfield code="f"></subfield>
  </datafield>
  <datafield tag="952" ind1=" " ind2=" ">
    <subfield code="0">0</subfield>
    <subfield code="1">0</subfield>
    <subfield code="2">ddc</subfield>
    <subfield code="4">0</subfield>
    <subfield code="7">0</subfield>
    <subfield code="8">NFIC</subfield>
    <subfield code="a">BFM</subfield>
    <subfield code="b">BFM</subfield>
    <subfield code="c">CR</subfield>
    <subfield code="d">2012-11-14</subfield>
    <subfield code="e">Donacion McGraw HillNov/2012</subfield>
    <subfield code="l">158</subfield>
    <subfield code="m">12</subfield>
    <subfield code="o">612 24 FER</subfield>
    <subfield code="p">2684</subfield>
    <subfield code="r">2025-10-30</subfield>
    <subfield code="s">2025-10-21</subfield>
    <subfield code="t">Ej. 12</subfield>
    <subfield code="w">2012-11-14</subfield>
    <subfield code="y">BK</subfield>
    <subfield code="z">Donacion McGraw Hill Nov.2012. Sede Tordos.</subfield>
    <subfield code="f"></subfield>
  </datafield>
</record>
